Como crear mi propia empresa : 100 ideas para ser independiente /
Guardado en:
| Autor Principal: | |
|---|---|
| Formato: | Libro |
| Idioma: | Spanish |
| Publicado: |
Buenos Aires :
Macchi,
c1998.
|
| Materias: | |
| Acceso en línea: | Contenido |
| Etiquetas: |
Agregar Etiqueta
Sin Etiquetas, Sea el primero en etiquetar este registro!
|
| LEADER | 00913nam a22002295a 4500 | ||
|---|---|---|---|
| 001 | EIQ.libpla000162 | ||
| 008 | 051018s1998####ag#a#####b####000#0#spa#d | ||
| 005 | 20060509172102.0 | ||
| 245 | 1 | 0 | |a Como crear mi propia empresa : |b 100 ideas para ser independiente / |c Cecilia Luchia-Puig. |
| 260 | |a Buenos Aires : |b Macchi, |c c1998. | ||
| 300 | |a [271] p. : |b il. ; |c 22,5 cm. | ||
| 504 | |a Incluye referencias bibliográficas ([p. 271]). | ||
| 020 | |a 9505374607 | ||
| 100 | 1 | |a Luchia-Puig Cecilia. | |
| 246 | 1 | 3 | |a Entrepreneurs : |b como crear mi propia empresa |
| 650 | 4 | |a Ciencias económicas |x Negocios. | |
| 650 | 4 | |a Negocios |x Estrategias. | |
| 650 | 4 | |a Businesses |x Strategies. | |
| 650 | 4 | |a Economic sciences |x Businesses. | |
| 040 | |a AR-BbSID |b spa |c AR-BbSID | ||
| 856 | |u http://www.tematika.com/articulo/detalleArticulo.jsp?idArticulo=78469 |y Contenido |z Acceso público | ||
| 859 | |a AR-BbSID |b BIB. PLAPIQUI |h 658.022 |i L963 |p 5800 | ||
